| 000 | 00759 a2200217 4500 | ||
|---|---|---|---|
| 001 | 60963 | ||
| 005 | 20260407155859.0 | ||
| 008 | 260407a1984 arg spa d | ||
| 003 | AR-UNSa-BCEJYS | ||
| 040 |
_aAR-UNSa-BCEJYS _bspa _cAR-UNSa-BCEJYS |
||
| 080 |
_a323.276 _xGolpes de estado |
||
| 245 | 1 | 0 |
_aLos gobiernos de facto _pante el derecho y ante la circunstancia política |
| 020 | _a978-950-14-0168-4 | ||
| 264 | 1 |
_aBuenos Aires : _bEdiciones Depalma _c1984 |
|
| 300 |
_axx, 200 p. _c23 cm. |
||
| 505 | _a1. Introducción y conceptos básicos - 2. Diversas vías y profundidades de la ruptura constitucional - 3. El principio de legitimidad | ||
| 041 | _aspa | ||
| 942 | _cBK | ||
| 590 | _aniveau_biblio:m niveau_hierar:0 | ||
| 100 | 1 | _aFink, Andrés | |
| 999 |
_c7153 _d7153 |
||